000 01219cam a22003854a 4500
001 14096669
003 OSt
005 20170518102853.0
008 050902s2006 enka b 000 0 eng
010 _a 2005052765
015 _aGBA596619
_2bnb
015 _aGBA605815
_2bnb
016 7 _a013337388
_2Uk
016 7 _a013359743
_2Uk
020 _a0273687522 (pbk.)
_qDLC
020 _a0132186942 (pbk.)
020 _z9780273687522
035 _a(OCoLC)ocm61463820
040 _aMMU
_cMMU
_dMMU
_dMMU
_dMMU
_beng
042 _apcc
043 _ae------
050 0 0 _aHF5415.32.m68 1993
_bS65 2006
082 0 0 _a658.8/342
_222
100 _aMowen John C.
245 0 0 _aConsumer behaviour /
_cJohn C.Mowen
246 3 _aConsumer behavior
250 _a3rd ed.
260 _aHarlow, England ;
_aNew York :
_bFinancial Times/Prentice Hall,
_c1993
300 _axxii,7908p. :
_bill. (some col.) ;
_c27 cm.
504 _aIncludes bibliographical references.
650 0 _aConsumer behavior
_zEurope.
906 _a7
_bcbc
_corignew
_d1
_eocip
_f20
_gy-gencatlg
942 _2lcc
_cLOAN LOAN
_e3rd ed.
999 _c23378
_d23378